| 000 -CABECERA |
| fixed length control field |
00906nam a22002177a 4500 |
| 003 - IDENTIFICADOR DEL NÚMERO DE CONTROL |
| control field |
AR-CdUCM |
| 008 - DATOS DE LONGITUD FIJA--INFORMACIÓN GENERAL |
| fixed length control field |
190311b ||||| |||| 00| 0 spa d |
| 040 ## - FUENTE DE LA CATALOGACIÓN |
| Agencia/entidad que catalogó originalmente la obra |
MUNICIPALIDAD PROVINCIAL DEL CUSCO |
| Entidad que transcribió la catalogación |
BIBLIOTECA MUNICIPAL DEL CUSCO |
| 082 ## - NÚMERO DE LA CLASIFICACIÓN DECIMAL DEWEY |
| No. de la edición |
3 ed. |
| No. de Clasificación |
373.82 / |
| Notacion interna |
P89 |
| 100 ## - ENTRADA PRINCIPAL--NOMBRE DE PERSONA |
| Nombre Personal |
Puccinelli, Jorge |
| 245 ## - MENCIÓN DE TÍTULO |
| Título |
Historia de la Literatura : |
| Resto del título |
las letras castellanas desde los orígenes hasta el siglo XVIII en los textos y en la crítica / |
| 260 ## - PUBLICACIÓN, DISTRIBUCIÓN, ETC. |
| Lugar de publicación, distribución, etc. |
Lima : |
| Nombre de la editorial, distribuidor, etc. |
Paideida. |
| 300 ## - DESCRIPCIÓN FÍSICA |
| Nº de Páginas Extensión |
218 páginas ; |
| Dimensiones |
24 cm. |
| 505 ## - NOTA DE CONTENIDO CON FORMATO |
| Nota de contenido formateada |
Contenido: Introducción al estudio de la literatura -- Esquema de la literatura Española -- Un geografía literaria de España -- Cantar de Mio Cid -- El teatro castellano ... |
| 650 ## - PUNTO DE ACCESO ADICIONAL DE MATERIA--TÉRMINO DE MATERIA |
| Descriptor |
Lope de Vega |
| 9 (RLIN) |
15468 |
| 650 ## - PUNTO DE ACCESO ADICIONAL DE MATERIA--TÉRMINO DE MATERIA |
| Descriptor |
Poesía épica |
| 9 (RLIN) |
15469 |
| 650 ## - PUNTO DE ACCESO ADICIONAL DE MATERIA--TÉRMINO DE MATERIA |
| Descriptor |
Novela picaresca |
| 9 (RLIN) |
350 |
| 942 ## - ELEMENTOS DE PUNTO DE ACCESO ADICIONAL (KOHA) |
| Fuente de clasificación |
|
| Tipo de item |
Libros-BMC |
| 945 ## - PROCESAMIENTO DE INFORMACIÓN LOCAL (OCLC) |
| Catalogador |
afb |